000 00526nam a22002177a 4500
003 UA-OsUOA
001 71651
007 ta
008 20101124b un ||||| |||| 00| 0 ukr d
100 _aБулавко В.
090 _a908
_bБ90
942 _cSA
040 _aUA-OsUOA
_bukr
_cUA-OsUOA
_dUA-OsUOA
245 _aЖитіє Василя-Костянтина Острозького
300 _aС.6
955 _a0
041 _aukr
080 _a908
773 0 _w71649
650 7 _a908 Краєзнавство
_2UDC
999 _c357948
_d357948